000 00599nam a22001937a 4500
003 OSt
005 20260508050625.0
008 260430b |||||||| |||| 00| 0 eng d
020 _a971-642-012-9
040 _aDWCL-Main Lib
_cOC
082 _24th ed.
_aFil. 950 Z21 1994
100 _aZaide, Sonia M.
245 _aHistory of Asian nations /
_cZaide, Sonia M.
260 _aQuezon City :
_bAll Nations Pub.,
_cc1994.
300 _a236 p. :
_bill. ;
_c26 cm.
650 _aHistory - Asain - Study and teaching (Secondary).
650 _aHistory - Asian.
942 _2ddc
_cBK-FIL
_e4th ed.
_mFil.
_n0
999 _c10118
_d10118